| 000 | 00757cab a2200241 4500 | ||
|---|---|---|---|
| 001 | ABS53768 | ||
| 008 | 090401t1995 xxu||||| |||| 00| 0 eng d | ||
| 035 | _a(Sirsi) u6502 | ||
| 041 | _aeng | ||
| 100 | _aMason, D. | ||
| 245 | _aQuality by the book | ||
| 260 | _c1995 | ||
| 350 | _a0 | ||
| 490 |
_aHA Weekly _v(431) 6 October 1995, 14-16(3) |
||
| 520 | _aDiscusses Tai Cymru`s (the Welsh equivalent of the Housing Corporation) `pattern book` of approved dwelling plans that recommend design, building materials and layout in an attempt to raise development standards. | ||
| 650 | _aHOUSING ASSOCIATIONS | ||
| 650 | _aSTANDARDS | ||
| 650 | _aTAI CYMRU | ||
| 650 | _aWALES | ||
| 690 | _aHOUSING-DEVELOPMENT | ||
| 942 | _n0 | ||
| 948 | _c04/03/1997 | ||
| 999 |
_c3898 _d3898 |
||